000
00201 a2200085 4500
020
_a
9789352871988
100
_a
Jodhka, S.S.
245
_a
A Handbook of Rural India
260
_b
The Orient Blackswan;
_c
2018
999
_c
13205
_d
13205